UICN Congreso Mundial de la Naturaleza Jeju 2012 : (Registro nro. 19084)

Detalles MARC
000 -CABECERA
Campo de control 00781nam a2200193 a 4500
005 - FECHA Y HORA DE LA ULTIMA TRANSACCION
Campo de control 20161013105952.0
008 - ELEMENTOS DE LONGITUD FIJA—INFORMACION GENERAL
Campo de control 161013s2012 ko d||||r|||| 00| 0 spa d
040 ## - FUENTE DE CATALOGACIÓN
Agencia catalogadora original CO-BoIAVH
Agencia transcriptora CO-BoIAVH
041 0# - IDIOMA
Código de idioma para texto/pista de sonido o título separado Español
044 ## - PAÍS DE PUBLICACIÓN
País de publicación Corea (Sur)
082 04 - NUMERO DE CLASIFICACION DECIMAL DEWEY
Número de clasificación 333.72076
Número del ítem U33c
111 2# - ASIENTO PRINCIPAL--NOMBRE DE REUNION
Nombre de reunión o de jurisdicción como elemento de entrada UICN Congreso Mundial de la Naturaleza
Fecha de la reunión (6 - 15 de septiembre de 2012 :
Lugar de la reunión Jeju (Corea del Sur))
9 (RLIN) 76864
245 10 - MENCION DE TITULO
Título UICN Congreso Mundial de la Naturaleza Jeju 2012 :
Parte restante del título Programa
260 ## - PUBLICACION, DISTRIBUCION, ETC. (PIE DE IMPRENTA)
Lugar de publicación, distribución, etc. Jeju (Corea del Sur) :
Nombre del editor, distribuidor, etc. UICN,
Fecha de publicación, distribución, etc. 2012.
300 ## - DESCRIPCION FISICA
Extensión 135 páginas :
Otros detalles físicos tablas ;
Dimensiones 30 x 21 cm.
611 20 - ASIENTO SECUNDARIO DE MATERIA - NOMBRE DE LA REUNION
Nombre de la reunión o nombre de la jurisdicción como elemento de entrada UICN Congreso Mundial de la Naturaleza
Fecha de la reunión (6 - 15 de septiembre de 2012 :
Lugar de la reunión Jeju (Corea del Sur))
9 (RLIN) 76864
650 26 - ASIENTO SECUNDARIO DE MATERIA - TERMINO TEMATICO
Término temático o nombre geográfico como elemento de entrada Conservación de la naturaleza
Subdivisión general Programa
Subdivisión de forma Congresos
Subdivisión geográfica 2012
9 (RLIN) 76865
942 ## - ELEMENTOS ADICIONALES (KOHA)
Sistema de clasificación Dewey Decimal Classification
Tipo de ítem Libro
Existencias
Withdrawn status Lost status Sistema de Clasificación Damaged status No para préstamo Colección Inventariado Ubicación Permanente Ubicación actual Fecha de adquisición Fuente de Valor Valor Total Checkouts Número topográfico Inventario / Código de Barras Date last seen Ejemplar Price effective from Forma de adquisición Tipo de material
    Dewey Decimal Classification     General Inventariado 2017 Bogotá Bogotá 13/10/2016 Instituto 39000.00   LB-333.72076 U33c 040763 13/10/2016 Ej. 1 13/10/2016 Donación Libro